Normal view
MARC view
Entry Geographic Name
001 - CONTROL NUMBER
- control field: 257596
003 - CONTROL NUMBER IDENTIFIER
- control field:
005 - DATE AND TIME OF LATEST TRANSACTION
- control field: 20210601205711.0
008 - FIXED-LENGTH DATA ELEMENTS
- fixed length control field: 210601|| aca||aabn | a|a d
040 ## - CATALOGING SOURCE
- Original cataloging agency:
- Transcribing agency:
151 ## - HEADING--GEOGRAPHIC NAME
- Geographic name: Paris (France)
- General subdivision: Social conditions
670 ## - SOURCE DATA FOUND
- Source citation: Work cat.: (): Orwell, George, 1903-1950 161342, Down and out in Paris and London /, 1954
